000
00223nam a2200097Ia 4500
008
191206s9999 xx 000 0 und d
020
_a
9.78027E+12
090
_a
HD31.APP
245
0
_a
Business Administration
260
_c
c1994
999
_c
15602
_d
15602